000
00306nam a2200121Ia 4500
005
20251222155146.0
008
251222s9999||||xx |||||||||||||| ||spa||
082
_a
MAN.32
100
_a
Ministerio de Salud.
245
0
_a
Normas Rehidratación Oral Niños Enfermedad (*)
264
_b
Minsa
942
_c
LIB
999
_c
39369
_d
39369